Borussia Dortmunds Siege 24/25 - Statistiken

Allgemein
  • Dieses Quiz wurde 86 mal gespielt
    41 seit der letzten Aktualisierung
  • Das Durchschnittsergebnis liegt bei 15 aus 22
Antwortstatistiken
Wettbewerb Verein % Korrekt
Bundesliga Eintracht Frankfurt
86%
Bundesliga Holstein Kiel
86%
Bundesliga Mainz 05
86%
Bundesliga Bayer 04 Leverkusen
83%
Bundesliga Borussia Mönchengladbach
83%
Bundesliga VfL Wolfsburg
83%
Bundesliga 1. FC Heidenheim
80%
Champions League Barcelona
80%
Bundesliga RB Leipzig
77%
Bundesliga SC Freiburg
77%
Bundesliga TSG Hoffenheim
74%
Bundesliga St. Pauli
71%
Bundesliga VfL Bochum
69%
Champions League Sporting
63%
Champions League Celtic Glasgow
60%
Champions League OSC Lille
57%
Bundesliga Union Berlin
57%
Champions League Club Brügge
54%
Champions League Dinamo Zagreb
49%
Champions League SK Sturm Graz
49%
DFB-Pokal 1.FC Phönix Lübeck
29%
Champions League Shakhtar Donetsk
26%
Keine übereinstimmenden Quizze gefunden
Verteilung der Resultate
Anzahl Personen mit jedem Resultat
Perzentil nach korrekt beantworteten Fragen
Ihre Resultats-Entwicklung
Sie haben dieses Quiz seit der letzten Aktualisierung nicht gespielt